Leisure (Record no. 77455)
[ view plain ]
| 000 -LEADER | |
|---|---|
| fixed length control field | 00972cab a2200229 4500 |
| 001 - CONTROL NUMBER | |
| control field | ##L134320 |
| 008 - FIXED-LENGTH DATA ELEMENTS--GENERAL INFORMATION | |
| fixed length control field | 060726n2006 000 0 eng u |
| 035 ## - SYSTEM CONTROL NUMBER | |
| System control number | (Sirsi) u134320 |
| 041 0# - LANGUAGE CODE | |
| Language code of text/sound track or separate title | eng |
| 100 1# - MAIN ENTRY--PERSONAL NAME | |
| Personal name | Hamilton, Patrick |
| 245 00 - TITLE STATEMENT | |
| Title | Leisure |
| Remainder of title | special report |
| 260 ## - PUBLICATION, DISTRIBUTION, ETC. | |
| Date of publication, distribution, etc. | 2006 |
| 490 #0 - SERIES STATEMENT | |
| Series statement | Property Week |
| Volume/sequential designation | 71(29) 21 July 2006, 81-89(6) |
| 520 ## - SUMMARY, ETC. | |
| Summary, etc. | Looks at how the Licensing Act 2004 allowing late-night drinking in pubs and bars is leading to tough times for nightclubs; the success of the first boutique bowling venue, combining sophisticated diner and bar with bowling lanes; high confidence in pubs as evidenced by booming investment in the sector; and cinema operators overhauling foyer space to improve food and leisure facilities. |
| 590 ## - LOCAL NOTE (RLIN) | |
| Local note | IKA010806 |
| 651 #4 - SUBJECT ADDED ENTRY--GEOGRAPHIC NAME | |
| Geographic name | United Kingdom |
| Chronological subdivision | |
| 690 ## - LOCAL SUBJECT ADDED ENTRY--TOPICAL TERM (OCLC, RLIN) | |
| Topical term or geographic name as entry element | PROPERTY-COMMERCIAL PROPERTY-LEISURE PROPERTY |
| 700 1# - ADDED ENTRY--PERSONAL NAME | |
| Personal name | Benzine, Adam |
| 700 1# - ADDED ENTRY--PERSONAL NAME | |
| Personal name | Champ, Hamish |
| 700 1# - ADDED ENTRY--PERSONAL NAME | |
| Personal name | Goldie, Anna |
| 942 ## - ADDED ENTRY ELEMENTS (KOHA) | |
| Suppress in OPAC | 0 |
| Withdrawn status | Lost status | Source of classification or shelving scheme | Damaged status | Not for loan | Home library | Current library | Shelving location | Date acquired | Total Checkouts | Full call number | Barcode | Date last seen | Copy number | Price effective from | Koha item type |
|---|---|---|---|---|---|---|---|---|---|---|---|---|---|---|---|
| Dewey Decimal Classification | London | London | Journal article | 26/07/2006 | L134320 | 134320-1001 | 06/08/2019 | 1 | 06/08/2019 | Journal article |